LIBRARY & INFORMATION CENTRE, KCAET, TAVANUR

ONLINE PUBLIC ACCESS CATALOGUE (OPAC)

Ground water augmentation plan for a degraded western ghat terrain using remote sensing and GIS (Record no. 15179)

MARC details
000 -LEADER
fixed length control field 00749nam a22001817a 4500
003 - CONTROL NUMBER IDENTIFIER
control field OSt
088 ## - REPORT NUMBER
Report number T 188
100 ## - MAIN ENTRY--AUTHOR NAME
Personal name SOORAJ KANNAN P. V
245 ## - TITLE STATEMENT
Title Ground water augmentation plan for a degraded western ghat terrain using remote sensing and GIS
260 ## - PUBLICATION, DISTRIBUTION, ETC. (IMPRINT)
Place of publication Tavanur 2007
Name of publisher Department of Irrigation and Drainage Engineering
300 ## - PHYSICAL DESCRIPTION
Number of Pages 107
500 ## - GENERAL NOTE
General note Ground water augmentation plan for a degraded western ghat terrain using remote sensing and GIS
520 ## - SUMMARY, ETC.
Summary, etc Ground water augmentation plan for a degraded western ghat terrain using remote sensing and GIS
700 ## - ADDED ENTRY--PERSONAL NAME
Personal name Dr. E. K Mathew (Guide)
856 ## - ELECTRONIC LOCATION AND ACCESS
Uniform Resource Identifier https://drive.google.com/open?id=1O37HLZGK1kJFumiYMCqWc_f9AVSGqXg6
942 ## - ADDED ENTRY ELEMENTS (KOHA)
Koha item type Theses
Holdings
Collection code Home library Current library Shelving location Full call number Accession Number Koha item type Public note
Reference KAUAET KAUAET Reference 631.587 SOO/GR T 188 Theses M.Tech Thesis
free website counter